|
|
|
|
| LEADER |
00000nam0a2200000 4500 |
| 001 |
122624 |
| 005 |
20231031130115.0 |
| 010 |
|
|
|a 966548382X
|
| 035 |
|
|
|a (RuTPU)RU\TPU\book\132758
|
| 090 |
|
|
|a 122624
|
| 100 |
|
|
|a 20071005d2002 km y0rusy50 ca
|
| 101 |
0 |
|
|a rus
|
| 102 |
|
|
|a UA
|
| 105 |
|
|
|a y e 000zy
|
| 200 |
1 |
|
|a Орфографический словарь современного русского языка
|e [словарь]
|f сост. Э. В. Белик
|
| 210 |
|
|
|a Донецк
|c ПКФ "БАО"
|d 2002
|
| 215 |
|
|
|a 768 с.
|
| 330 |
|
|
|a В настоящий "Орфографический словарь" включено около 50 тысяч слов основной лексики современного русского языка. Словарь является руководством для правильного написания слов и их форм. Книга рассчитана на учащихся и преподавателей общеобразовательных школ, средних и высших учебных заведений, а также на тех, кто стремится повысить свою грамотность и совершенствовать знания в области русского языка.
|
| 610 |
1 |
|
|a русский язык
|
| 610 |
1 |
|
|a орфографические словари
|
| 610 |
1 |
|
|a орфография
|
| 686 |
|
|
|a Ш141.2-41
|v LBC/SL-A
|2 rubbk
|
| 702 |
|
1 |
|a Белик
|b Э. В.
|g Эллина Валентиновна
|4 220
|
| 801 |
|
1 |
|a RU
|b 63413507
|c 20071005
|g PSBO
|
| 801 |
|
2 |
|a RU
|b 63413507
|c 20120711
|g PSBO
|
| 942 |
|
|
|c BK
|